[Event "O Pohár mìsta Øíèany 2015 - OPEN A"]
[Site "Øíèany"]
[Date "2015.08.24"]
[Round "4.2"]
[White "Krivanek, Vladimir"]
[Black "Svatos, Jan"]
[Result "0-1"]
[WhiteElo "2105"]
[BlackElo "2285"]
[PlyCount "0"]
[EventDate "2015.08.22"]

1. e4 c6 2. d4 d5 3. Nc3 dxe4 4. Nxe4 Nf6 5. Nxf6+ gxf6 6. Be3 Bf5 7. Bd3 Nd7
8. Ne2 Bxd3 9. Qxd3 e6 10. O-O-O Qa5 11. Qb3 O-O-O 12. Bd2 Qd5 13. Qxd5 cxd5
14. Bf4 b5 15. Rd3 Nb6 16. b3 Kb7 17. Kd2 Nc8 18. Rf3 Be7 19. c3 Nd6 20. Bxd6
Rxd6 21. Rh3 f5 22. f4 h5 23. Rc1 h4 24. Rc2 Rc6 25. Nc1 Rg8 26. g3 Rgc8 27. Nd3
b4 28. gxh4 bxc3+ 29. Ke3 Rh8 30. h5 Rc7 31. Nc1 Bf8 32. Ne2 Bh6 33. Kf2 Rg8
34. Rg3 Rgc8 35. Rd3 a6 36. Kf3 Rg8 37. h3 Bf8 38. Rdxc3 Rxc3+ 39. Rxc3 Rh8
40. Ng3 Be7 41. Rc1 Bf6 42. Ke3 Bh4 43. Rg1 Bxg3 44. Rxg3 Rxh5 45. Kf3 Rh4
46. Ke3 Kb6 47. Kf3 Kb5 48. a3 a5 49. Ke3 a4 50. bxa4+ Kxa4 51. Rg7 Rxh3+
52. Ke2 Rh2+ 53. Ke3 Rh3+ 54. Ke2 Kxa3 55. Rxf7 Kb4 56. Rf6 Kc4 57. Rxe6 Kxd4
58. Re5 Rh5 59. Re8 Rh4 60. Kf3 Kc4 61. Rc8+ Kd3 62. Rc5 Kd4 63. Rc8 Rh3+
64. Kg2 Rh5 65. Kf3 Kd3 66. Rg8 d4 67. Rg5 Rh3+ 68. Kg2 Re3 69. Rxf5 Ke2 70. Rd5
d3 71. f5 d2 72. f6 Re6 73. f7 Rg6+ 74. Kh3 Rf6 75. Re5+ Kf3 0-1

[Event "O Pohár mìsta Øíèany 2015 - OPEN A"]
[Site "Øíèany"]
[Date "2015.08.24"]
[Round "4.3"]
[White "Vojta, Tomas"]
[Black "Marikova, Jana"]
[Result "1-0"]
[WhiteElo "2387"]
[BlackElo "2148"]
[PlyCount "0"]
[EventDate "2015.08.22"]

1. d4 {[%clk 1:30:56]} 1... c5 {[%clk 1:30:58]} 2. e3 {[%clk 1:28:07]} 2... Nf6
{[%clk 1:31:10]} 3. Nf3 {[%clk 1:28:00]} 3... g6 {[%clk 1:30:51]} 4. c3 {[%clk
1:26:39]} 4... Bg7 {[%clk 1:29:50]} 5. Bd3 {[%clk 1:25:40]} 5... O-O {[%clk
1:28:29]} 6. O-O {[%clk 1:23:20]} 6... d6 {[%clk 1:26:06]} 7. Qe2 {[%clk
1:18:16]} 7... Qc7 {[%clk 1:22:22]} 8. Nbd2 {[%clk 1:15:09]} 8... a6 {[%clk
1:20:40]} 9. dxc5 {[%clk 1:07:06]} 9... dxc5 {[%clk 1:20:07]} 10. e4 {[%clk
1:06:57]} 10... Nc6 {[%clk 1:17:48]} 11. Bc2 {[%clk 1:04:06]} 11... b6 {[%clk
1:11:12]} 12. Re1 {[%clk 1:03:33]} 12... Nd7 {[%clk 1:09:42]} 13. Nf1 {[%clk
1:02:32]} 13... b5 {[%clk 1:04:43]} 14. Ne3 {[%clk 1:00:33]} 14... Nde5 {[%clk
0:53:06]} 15. Nd5 {[%clk 0:58:13]} 15... Qb7 {[%clk 0:52:18]} 16. Bg5 {[%clk
0:52:12]} 16... Re8 {[%clk 0:48:26]} 17. Nxe5 {[%clk 0:50:41]} 17... Nxe5 {[%clk
0:48:13]} 18. f4 {[%clk 0:48:56]} 18... Nc4 {[%clk 0:46:56]} 19. Bb3 {[%clk
0:48:18]} 19... Nb6 {[%clk 0:43:42]} 20. Qf2 {[%clk 0:44:13]} 20... Be6 {[%clk
0:36:48]} 21. Qxc5 {[%clk 0:43:04]} 21... Bxd5 {[%clk 0:36:59]} 22. exd5 {[%clk
0:40:25]} 22... Nd7 {[%clk 0:32:18]} 23. Qc6 {[%clk 0:37:27]} 23... Qa7+ {[%clk
0:32:17]} 24. Kh1 {[%clk 0:37:27]} 24... Nf6 {[%clk 0:26:09]} 25. d6 {[%clk
0:32:18]} 25... exd6 {[%clk 0:21:03]} 26. Rxe8+ {[%clk 0:26:29]} 26... Nxe8
{[%clk 0:21:26]} 27. f5 {[%clk 0:25:08]} 27... Bf6 {[%clk 0:16:42]} 28. fxg6
{[%clk 0:23:46]} 28... hxg6 {[%clk 0:17:07]} 29. Bxf6 {[%clk 0:22:28]}
29... Nxf6 {[%clk 0:17:25]} 30. Rf1 {[%clk 0:22:08]} 1-0

[Event "O Pohár mìsta Øíèany 2015 - OPEN A"]
[Site "Øíèany"]
[Date "2015.08.24"]
[Round "4.4"]
[White "Skalicky, Tomas"]
[Black "Vesselovsky, Serguei"]
[Result "1/2-1/2"]
[WhiteElo "2119"]
[BlackElo "2348"]
[PlyCount "0"]
[EventDate "2015.08.22"]

1. c4 g6 2. g3 Bg7 3. Bg2 c5 4. Nc3 Nc6 5. Nf3 e6 6. d4 cxd4 7. Nb5 d5 8. cxd5
exd5 9. O-O Nge7 10. Bf4 O-O 11. Nc7 Rb8 12. Nb5 Ra8 13. Nc7 Rb8 14. Nb5 Ra8
15. Nc7 1/2-1/2

[Event "O Pohár mìsta Øíèany 2015 - OPEN A"]
[Site "Øíèany"]
[Date "2015.08.24"]
[Round "4.5"]
[White "Pycha, Patrik"]
[Black "Starek, Stanislav"]
[Result "1/2-1/2"]
[WhiteElo "2075"]
[BlackElo "2165"]
[PlyCount "0"]
[EventDate "2015.08.22"]

1. e4 d6 2. d4 Nf6 3. Nc3 Nbd7 4. f3 e5 5. dxe5 dxe5 6. Be3 Bb4 7. Bc4 O-O
8. Ne2 c6 9. O-O Qc7 10. a3 Be7 11. Qe1 b5 12. Ba2 a5 13. Ng3 Nb6 14. Qf2 Nc4
15. Bxc4 bxc4 16. Na4 Rb8 17. Rfd1 Bd7 18. Ne2 c5 19. Nxc5 Rxb2 20. Nxd7 Nxd7
21. Nc3 Nf6 22. a4 1/2-1/2

[Event "O Pohár mìsta Øíèany 2015 - OPEN A"]
[Site "Øíèany"]
[Date "2015.08.24"]
[Round "4.6"]
[White "Hollan, Petr"]
[Black "Korsa, Jindrich"]
[Result "1-0"]
[WhiteElo "2070"]
[BlackElo "2138"]
[PlyCount "0"]
[EventDate "2015.08.22"]

1. e4 e5 2. Nf3 Nc6 3. Bb5 f5 4. d3 fxe4 5. dxe4 Nf6 6. O-O Bc5 7. Bxc6 bxc6
8. Nxe5 O-O 9. Nc3 Ba6 10. Nd3 Qe7 11. e5 Nd5 12. Nxd5 cxd5 13. Nxc5 Qxc5
14. Be3 Qc4 15. Re1 Bb7 16. c3 Qc6 17. Bd4 Rf5 18. Qg4 Qe6 19. Re3 a5 20. Rg3
Rf7 21. f4 Raf8 22. Rf1 Qxg4 23. Rxg4 Ba6 24. Rf2 h5 25. Rh4 Rf5 26. Be3 d6
27. exd6 cxd6 28. g4 hxg4 29. Rxg4 Re8 30. Rg3 Rf7 31. Rd2 Bb7 32. Rd4 Re4
33. Rxe4 dxe4 34. Rg6 Rd7 35. Kf2 Bd5 36. Rg5 Bxa2 37. Rxa5 Bc4 38. b4 Rb7
39. Bd4 Kf7 40. Rg5 Kf8 41. Rg6 Rd7 42. Ke3 Bd3 43. h4 Kg8 44. Rg5 Kh7 45. b5
Kh6 46. b6 d5 47. Bxg7+ 1-0

[Event "O Pohár mìsta Øíèany 2015 - OPEN A"]
[Site "Øíèany"]
[Date "2015.08.24"]
[Round "4.7"]
[White "Mejzlik, Ondrej"]
[Black "Skacel, Jan"]
[Result "1-0"]
[WhiteElo "2312"]
[BlackElo "2051"]
[PlyCount "0"]
[EventDate "2015.08.22"]

1. c4 Nf6 2. Nc3 g6 3. e4 d6 4. g3 Bg7 5. Bg2 O-O 6. Nge2 e5 7. O-O Nc6 8. d3
a6 9. f4 Bg4 10. h3 Bxe2 11. Nxe2 b5 12. f5 Nd7 13. Be3 Rb8 14. b3 Nd4 15. Qd2
Re8 16. h4 gxf5 17. Nxd4 exd4 18. Bg5 f6 19. Bf4 bxc4 20. bxc4 fxe4 21. Bxe4
Rxe4 22. dxe4 Nc5 23. Qxd4 Qd7 24. Rab1 Re8 25. Qd5+ Kh8 26. Rfe1 Qa4 27. h5 h6
28. Qf7 Rf8 29. Qg6 Qxc4 30. Bxh6 Qf7 31. Qxf7 Rxf7 32. Rb8+ Kh7 33. Bxg7 Rxg7
34. Kg2 Re7 35. Ra8 f5 36. e5 dxe5 37. Rf8 f4 38. gxf4 Ne6 39. Rf5 Nxf4+ 40. Kf3 Nd3 41. Re3 e4+ 42. Rxe4 Ne1+ 43. Ke3 Ng2+
44. Kd4 Rd7+ 45. Kc5 Rd3 46. Re7+ Kh6 47. Re6+ Kh7 48. Rf7+ Kg8 49. Rxc7 1-0

[Event "O Pohár mìsta Øíèany 2015 - OPEN A"]
[Site "Øíèany"]
[Date "2015.08.24"]
[Round "4.8"]
[White "Maly, Filip"]
[Black "Moravec, Vit"]
[Result "0-1"]
[WhiteElo "1932"]
[BlackElo "2209"]
[PlyCount "0"]
[EventDate "2015.08.22"]

1. e4 c5 2. Nf3 Nc6 3. d4 cxd4 4. Nxd4 g6 5. Be3 Bg7 6. Nc3 Nf6 7. f3 O-O
8. Bc4 Qb6 9. Bb3 Nxe4 10. Nf5 Nxc3 11. Qd2 Qa5 12. Nxg7 Nb5 13. c3 Kxg7
14. Bh6+ Kg8 15. Bxf8 Kxf8 16. Qh6+ Kg8 17. Bxf7+ Kxf7 18. Qxh7+ Kf6 19. Qh8+
Ke6 20. O-O Kd6 21. a4 Nxc3 22. bxc3 Kc7 23. Rfb1 Qe5 24. Qg8 Qe6 25. Qe8 b6
26. Re1 Qf6 27. Rad1 Qf5 28. Qg8 Bb7 29. Qb3 Rh8 30. Rd5 Qf4 31. g3 Qxf3 32. Qc4
Rf8 33. Rd3 0-1

[Event "O Pohár mìsta Øíèany 2015 - OPEN A"]
[Site "Øíèany"]
[Date "2015.08.24"]
[Round "4.9"]
[White "Jelinek, Michal"]
[Black "Mladek, Richard"]
[Result "1/2-1/2"]
[WhiteElo "2178"]
[BlackElo "1960"]
[PlyCount "0"]
[EventDate "2015.08.22"]

1. d4 Nf6 2. c4 c5 3. d5 b5 4. cxb5 a6 5. bxa6 g6 6. Nc3 Bxa6 7. Nf3 d6 8. g3
Bg7 9. Bg2 Nbd7 10. O-O Nb6 11. Re1 O-O 12. e4 Nfd7 13. Bf4 Nc4 14. Qc2 Qa5
15. Rac1 Rfb8 16. b3 Na3 17. Qd2 c4 18. Nb1 Qxd2 19. Nfxd2 Nxb1 20. Nxb1 cxb3
21. axb3 Nc5 22. Rxc5 dxc5 23. Bxb8 Rxb8 24. e5 Rxb3 25. Nd2 Rb2 26. Nf3 Be2
27. d6 Bxf3 28. Bxf3 exd6 29. exd6 Rd2 30. Rd1 Rxd1+ 31. Bxd1 Kf8 32. Kf1 Be5
33. d7 Ke7 34. Ba4 c4 35. Ke2 c3 36. Kd3 Bf6 37. Bb5 1/2-1/2

[Event "O Pohár mìsta Øíèany 2015 - OPEN A"]
[Site "Øíèany"]
[Date "2015.08.24"]
[Round "4.10"]
[White "Kotyk, Vaclav"]
[Black "Hradecky, Ivo"]
[Result "1/2-1/2"]
[WhiteElo "2160"]
[BlackElo "1965"]
[PlyCount "0"]
[EventDate "2015.08.22"]

1. d4 d5 2. c4 e6 3. Nc3 c6 4. Nf3 Nf6 5. g3 Be7 6. Bg2 O-O 7. O-O Nbd7 8. Nd2
b6 9. e4 Bb7 10. e5 Ne8 11. cxd5 cxd5 12. f4 g6 13. Nf3 Ng7 14. g4 f6 15. exf6
Nxf6 16. Ne5 Rc8 17. Be3 Bb4 18. Ne2 Ba6 19. Rf3 Bd6 20. Ng3 Ne4 21. Rc1 Rxc1
22. Bxc1 Qc7 23. Nxe4 dxe4 24. Rc3 Qe7 25. Bxe4 Bxe5 26. dxe5 g5 27. Rh3 h5
28. gxh5 Nf5 29. Rc3 gxf4 30. Bxf4 Qh4 31. Rf3 Kh8 32. Kh1 Rd8 33. Qb1 Be2
34. Rf1 Bxf1 35. Qxf1 Qxh5 36. Bf3 Qh4 37. Qc1 Rg8 38. Qd2 Qh3 39. Bg2 Qg4
40. h3 Qg6 41. Qf2 Qh5 42. Kh2 Nh4 43. Be4 Nf5 44. Bf3 Qg6 45. Bg4 Rf8 46. Qd2
Qe8 47. Bg5 Qg6 48. Bf6+ Kh7 49. Qd7+ Rf7 50. Qxe6 Nh6 51. Qc8 Qe4 52. Qh8+ Kg6
53. Qc8 Kh7 54. Qh8+ Kg6 1/2-1/2

[Event "O Pohár mìsta Øíèany 2015 - OPEN A"]
[Site "Øíèany"]
[Date "2015.08.24"]
[Round "4.11"]
[White "Petr, Jakub"]
[Black "Kubikova, Hana"]
[Result "1/2-1/2"]
[WhiteElo "1750"]
[BlackElo "2107"]
[PlyCount "0"]
[EventDate "2015.08.22"]

1. e4 g6 2. d4 c6 3. Nf3 d5 4. Nbd2 Bg7 5. c3 dxe4 6. Nxe4 Nf6 7. Nxf6+ exf6
8. Bc4 O-O 9. O-O Bg4 10. h3 Bf5 11. Re1 b5 12. Bb3 Re8 13. Bf4 Na6 14. a4 Nc7
15. Rxe8+ Nxe8 16. Qe2 Qd7 17. Re1 Bf8 18. axb5 cxb5 19. g4 g5 20. gxf5 1/2-1/2

[Event "O Pohár mìsta Øíèany 2015 - OPEN A"]
[Site "Øíèany"]
[Date "2015.08.24"]
[Round "4.12"]
[White "Hanl, Frantisek"]
[Black "Hurtak, Otto"]
[Result "1-0"]
[WhiteElo "2052"]
[BlackElo "1955"]
[PlyCount "0"]
[EventDate "2015.08.22"]

1. e4 c5 2. Nf3 a6 3. c4 Nc6 4. Nc3 e5 5. g3 d6 6. Bg2 g6 7. d3 Bg7 8. Nd5 Nf6
9. O-O O-O 10. Bg5 Be6 11. Qd2 b5 12. Nh4 Bxd5 13. cxd5 Nd4 14. Nf3 Nxf3+
15. Bxf3 Qb6 16. Bg2 Rac8 17. Rac1 Rc7 18. Bh3 b4 19. b3 Ra7 20. Be3 Ne8 21. f4
a5 22. Qf2 a4 23. Rxc5 dxc5 24. Bxc5 Qb5 25. Bxf8 Bxf8 26. fxe5 axb3 27. axb3
Rc7 28. d6 Nxd6 29. exd6 Bxd6 30. d4 Qd3 31. e5 Bf8 32. Be6 Bg7 33. Bxf7+ Kh8
34. Bc4 Qe4 35. Re1 Qg4 36. Qf4 Qd7 37. d5 Ra7 38. e6 Qe8 39. d6 Ra2 40. e7 g5
41. d7 1-0

[Event "O Pohár mìsta Øíèany 2015 - OPEN A"]
[Site "Øíèany"]
[Date "2015.08.24"]
[Round "4.13"]
[White "Hadzala, Daniel"]
[Black "Pribyl, Jaroslav"]
[Result "1-0"]
[WhiteElo "2045"]
[BlackElo "1928"]
[PlyCount "0"]
[EventDate "2015.08.22"]

1. Nf3 Nf6 2. c4 e6 3. g3 d5 4. Bg2 g6 5. b3 c5 6. Bb2 Bg7 7. Qc2 d4 8. b4 Nfd7
9. b5 O-O 10. O-O Re8 11. h4 e5 12. d3 Nf6 13. Nbd2 Nbd7 14. Ng5 Rb8 15. a4 h6
16. Nge4 Nxe4 17. Nxe4 Nf6 18. Nxc5 Ng4 19. Bf3 h5 20. Ne4 f5 21. Ng5 f4
22. Bd5+ Kf8 23. Nh7+ Ke7 24. Ba3+ Kd7 25. c5 Qa5 26. c6+ 1-0

[Event "O Pohár mìsta Øíèany 2015 - OPEN A"]
[Site "Øíèany"]
[Date "2015.08.24"]
[Round "4.14"]
[White "Postupa, Pavel"]
[Black "Zizka, Petr"]
[Result "1/2-1/2"]
[WhiteElo "2002"]
[BlackElo "1886"]
[PlyCount "0"]
[EventDate "2015.08.22"]

1. e4 c5 2. Nf3 d6 3. d4 cxd4 4. Nxd4 Nf6 5. Nc3 a6 6. Be2 b5 7. Bf3 e5 8. Nf5
Nc6 9. Ne3 Nd4 10. Ncd5 Bb7 11. c3 Nxf3+ 12. Qxf3 Nxd5 13. Nxd5 Bxd5 14. exd5
Be7 15. O-O O-O 16. a4 Qd7 1/2-1/2

[Event "O Pohár mìsta Øíèany 2015 - OPEN A"]
[Site "Øíèany"]
[Date "2015.08.24"]
[Round "4.15"]
[White "Skubal, Ondrej"]
[Black "Petras, Milan"]
[Result "1/2-1/2"]
[WhiteElo "1725"]
[BlackElo "1968"]
[PlyCount "0"]
[EventDate "2015.08.22"]

1. e4 e6 2. d4 d5 3. Nd2 a6 4. Bd3 c5 5. Ngf3 dxe4 6. Nxe4 Nc6 7. Nxc5 Nxd4
8. Nxd4 Bxc5 9. Nb3 Bd6 10. O-O Nf6 11. h3 O-O 12. Bg5 h6 13. Bh4 g5 14. Bg3
Bxg3 15. fxg3 Kg7 16. Qf3 Nd5 17. Rae1 Bd7 18. Be4 Bc6 1/2-1/2

[Event "O Pohár mìsta Øíèany 2015 - OPEN A"]
[Site "Øíèany"]
[Date "2015.08.24"]
[Round "4.16"]
[White "Gregor, Jiri"]
[Black "Cabart, Pavel"]
[Result "1-0"]
[WhiteElo "2242"]
[BlackElo "1704"]
[PlyCount "0"]
[EventDate "2015.08.22"]

1. d4 Nf6 2. Nf3 g6 3. c4 Bg7 4. Nc3 O-O 5. g3 d6 6. h3 a6 7. Bg2 Nc6 8. O-O
Rb8 9. e4 e5 10. d5 Ne7 11. b4 Nh5 12. Nd2 Bh6 13. a4 Ng7 14. Ba3 f5 15. c5 Bxd2
16. Qxd2 fxe4 17. Rae1 Ngf5 18. Nxe4 b5 19. axb5 axb5 20. f4 Nd4 21. fxe5 dxe5
22. Rxf8+ Qxf8 23. Rf1 Qg7 24. Nf6+ Kh8 25. Ne8 Qg8 26. Nxc7 Nef5 27. g4 Ng3
28. Rf2 Qd8 29. d6 Bb7 30. Qe3 Nde2+ 31. Rxe2 Nxe2+ 32. Qxe2 Bxg2 33. Qxe5+ Kg8
1-0

[Event "O Pohár mìsta Øíèany 2015 - OPEN A"]
[Site "Øíèany"]
[Date "2015.08.24"]
[Round "4.17"]
[White "Hrdina, Robin"]
[Black "Vavrinec, Tomas"]
[Result "1-0"]
[WhiteElo "2144"]
[BlackElo "1918"]
[PlyCount "0"]
[EventDate "2015.08.22"]

1. f4 Nf6 2. e3 g6 3. b3 Bg7 4. Bb2 c5 5. Nf3 Nc6 6. Bb5 Qb6 7. Be2 d5 8. O-O
O-O 9. Nc3 a6 10. Ne5 Rd8 11. Na4 Qa7 12. Nxc6 bxc6 13. d3 Ne8 14. Bxg7 Nxg7
15. Qc1 Nf5 16. c4 Be6 17. Bf3 Rac8 18. Re1 Nd6 19. e4 dxc4 20. dxc4 Nb7 21. f5
Bd7 22. Qg5 f6 23. Qh6 Be8 24. fxg6 hxg6 25. Bg4 Bf7 26. Re3 1-0

[Event "O Pohár mìsta Øíèany 2015 - OPEN A"]
[Site "Øíèany"]
[Date "2015.08.24"]
[Round "4.18"]
[White "Paulovic, Milan"]
[Black "Rut, Vojtech"]
[Result "0-1"]
[WhiteElo "1871"]
[BlackElo "2090"]
[PlyCount "0"]
[EventDate "2015.08.22"]

1. b3 f5 2. Bb2 d6 3. g3 e5 4. Bg2 Nf6 5. d3 Nc6 6. c4 Be6 7. Nc3 d5 8. cxd5
Nxd5 9. Nh3 Bb4 10. Rc1 g5 11. a3 Nxc3 12. Bxc3 Bxc3+ 13. Rxc3 g4 14. Ng1 Qd6
15. Qc1 Bd5 16. e4 fxe4 17. dxe4 Bf7 18. Ne2 O-O-O 19. O-O Qd2 20. Re1 Rd3
21. Qxd2 Rxd2 22. Bf1 Bg6 23. Re3 Rf8 24. Rc1 h5 25. h4 Nd4 26. Nxd4 exd4
27. Rd3 Rdxf2 28. Rxd4 R2f3 29. Kg2 Rxb3 30. Bc4 Rxa3 31. Be6+ Kb8 32. Bf5 Ra2+
33. Kg1 Bxf5 34. exf5 Ra5 35. Rf1 c6 36. f6 Kc7 37. f7 Rd5 38. Rdf4 a5 39. Rf5
Rxf5 40. Rxf5 a4 41. Rxh5 Rxf7 42. Rg5 a3 43. Rxg4 b5 44. h5 a2 0-1

[Event "O Pohár mìsta Øíèany 2015 - OPEN A"]
[Site "Øíèany"]
[Date "2015.08.24"]
[Round "4.19"]
[White "Kindl, Frantisek"]
[Black "Voracek, Zdenek"]
[Result "0-1"]
[WhiteElo "1847"]
[BlackElo "2026"]
[PlyCount "0"]
[EventDate "2015.08.22"]

1. Nf3 d5 2. g3 c5 3. Bg2 Nc6 4. O-O e5 5. d3 f6 6. Nbd2 Be6 7. c4 Nge7 8. b3
Qd7 9. cxd5 Nxd5 10. Bb2 Be7 11. a3 O-O 12. Rc1 Rfd8 13. Ne4 b6 14. Ned2 Rac8
15. h4 Qe8 16. Kh2 Nc7 17. Bh3 Qh5 18. Bxe6+ Nxe6 19. Kg2 Rd5 20. Rh1 Rcd8
21. Qc2 Qg4 22. Kf1 Ncd4 23. Bxd4 Nxd4 24. Nxd4 exd4 25. Nf3 f5 26. Qd2 h6
27. Kg2 Bd6 28. h5 Be7 29. b4 f4 30. Qxf4 Qxf4 31. gxf4 cxb4 32. axb4 Bxb4
33. Rc7 a5 34. Ne5 a4 35. Kf3 Bd6 36. Rb7 Bxe5 37. fxe5 Rxe5 38. Rxb6 Rf8+
39. Kg3 Rg5+ 40. Kh3 Rxf2 41. Ra1 Rxh5+ 42. Kg3 Rxe2 43. Rxa4 Re3+ 44. Kg4 Rg5+
45. Kf4 Rxd3 46. Ke4 Rd1 47. Rb8+ Kh7 48. Rd8 h5 49. Raa8 Rg4+ 50. Kf5 g6+
51. Ke5 Re1+ 52. Kf6 Rf1+ 53. Ke5 Kh6 54. Ra6 Rf5+ 55. Ke6 Re4+ 56. Kd6 0-1

[Event "O Pohár mìsta Øíèany 2015 - OPEN A"]
[Site "Øíèany"]
[Date "2015.08.24"]
[Round "4.20"]
[White "Horak, Martin"]
[Black "Hadrava, Jaroslav"]
[Result "0-1"]
[WhiteElo "2019"]
[BlackElo "1927"]
[PlyCount "0"]
[EventDate "2015.08.22"]

1. e4 e5 2. f4 exf4 3. Nf3 h6 4. b3 Nf6 5. Nc3 d5 6. exd5 Nxd5 7. Qe2+ Be7
8. Nxd5 Qxd5 9. Bb2 Kf8 10. O-O-O Nc6 11. Qf2 Qd6 12. Bb5 Bf6 13. d4 Bg4
14. Bxc6 bxc6 15. Rd2 Bxf3 16. Qxf3 g5 17. Rf1 Kg7 18. g3 Rhe8 19. gxf4 Qxf4
20. Qd3 Qe4 21. Rdf2 Qxd3 22. cxd3 Re6 23. Rxf6 Rxf6 24. d5 cxd5 25. Rxf6 Re8
26. Re6+ Kf8 27. Ba3+ 0-1

[Event "O Pohár mìsta Øíèany 2015 - OPEN A"]
[Site "Øíèany"]
[Date "2015.08.24"]
[Round "4.21"]
[White "Helebrand, Frantisek"]
[Black "Lacina, Filip"]
[Result "0-1"]
[WhiteElo "1841"]
[BlackElo "2017"]
[PlyCount "0"]
[EventDate "2015.08.22"]

1. e4 c6 2. d4 d5 3. e5 Bf5 4. Bd3 Bxd3 5. Qxd3 e6 6. Nf3 Nd7 7. O-O Ne7
8. Nbd2 Nf5 9. c3 Be7 10. Nb3 O-O 11. Bd2 c5 12. Qe2 cxd4 13. cxd4 Nb8 14. Rac1
Nc6 15. Qb5 Qb6 16. Qxb6 axb6 17. a3 h5 18. h3 h4 19. Rfd1 Ra4 20. Bc3 f6
21. Rc2 fxe5 22. Nxe5 Nxe5 23. dxe5 Rc8 24. Re2 Rcc4 25. Nd2 Rf4 26. Nf3 Kf7
27. Bd2 Rfe4 28. Rxe4 Rxe4 29. Bc3 Rc4 30. Rd3 Ra4 31. Bd2 Ke8 32. b4 Kd7
33. Kf1 Ra8 34. Ke1 Rc8 35. Kd1 Rc4 36. Be3 Kc6 37. Nd4+ Nxd4 38. Rxd4 Kb5
39. Rd3 Re4 40. f4 Kc4 41. Kd2 d4 42. Bg1 Rxf4 43. Kc2 Re4 44. Rd1 Re2+ 45. Kb1
d3 46. Rc1+ Kb3 47. Bd4 Rc2 48. Rd1 Kc4 49. Be3 Re2 50. Bf4 Rxg2 51. Rc1+ Kb3
52. Rd1 Kc3 53. Rc1+ Rc2 54. Rd1 d2 55. Rf1 Rb2+ 56. Ka1 Rc2 57. Kb1 Rc1+
58. Rxc1+ dxc1=Q+ 59. Bxc1 b5 60. Bb2+ Kd3 0-1

[Event "O Pohár mìsta Øíèany 2015 - OPEN A"]
[Site "Øíèany"]
[Date "2015.08.24"]
[Round "4.22"]
[White "Vystrcil, Martin"]
[Black "Stojkovic, Andrea"]
[Result "1/2-1/2"]
[WhiteElo "2014"]
[BlackElo "1872"]
[PlyCount "0"]
[EventDate "2015.08.22"]

1. e4 c5 2. Nf3 Nf6 3. Nc3 Nc6 4. d4 d5 5. dxc5 d4 6. e5 dxc3 7. Qxd8+ Nxd8
8. exf6 exf6 9. bxc3 Bxc5 10. Bb5+ Nc6 11. Nd4 Bd7 12. Be3 a6 13. Bxc6 Bxc6
14. O-O Bxd4 15. cxd4 Bd5 16. Rfc1 Rc8 17. a4 Rc4 18. a5 Kd7 19. g3 Rhc8 20. Ra2
Be4 21. Rb2 Rxc2 22. Rcxc2 Rxc2 23. Rxc2 Bxc2 24. d5 Kd6 25. Bb6 Be4 26. Kf1 Bf3
27. Ke1 Kxd5 28. Kd2 Ke4 29. h4 g5 30. Bd8 gxh4 31. gxh4 f5 32. Bc7 f4 33. Bb6
Bg4 34. Bc5 Kf3 35. Bb6 Bf5 36. Bc5 Be4 37. Bb6 f6 38. Bd4 Bc6 39. Ke1 f5
40. Bb6 Bb5 41. Kd2 Bc4 42. Bc5 Bd5 43. Bb6 Ke4 44. Kc3 Bc6 45. Bc5 Bb5 46. Bb6
Kf3 47. Kd2 Ke4 48. Kc3 Kf3 49. Kd2 Kg2 50. Kc3 Bc6 51. Bc5 Kh3 52. Be7 Kg4
53. Kd2 Bb5 54. Kc3 Kf3 55. Bc5 Bc6 56. Kd2 Ke4 57. Kc3 Kd5 58. Bb6 Bd7 59. Kd2
Kc4 60. Kc2 Bc6 1/2-1/2

[Event "O Pohár mìsta Øíèany 2015 - OPEN A"]
[Site "Øíèany"]
[Date "2015.08.24"]
[Round "4.23"]
[White "Nova, Michaela"]
[Black "Dlouhy, Ondrej"]
[Result "1-0"]
[WhiteElo "1828"]
[BlackElo "1984"]
[PlyCount "0"]
[EventDate "2015.08.22"]

1. f4 d5 2. Nf3 Nf6 3. e3 g6 4. Be2 Bg7 5. O-O O-O 6. d4 Bf5 7. Ne5 Nfd7 8. c4
c6 9. cxd5 cxd5 10. Qb3 Nb6 11. Nc3 f6 12. Nd3 Bxd3 13. Bxd3 Nc6 14. f5 Na5
15. Qb5 Nbc4 16. b3 a6 17. Qxd5+ Qxd5 18. Nxd5 Nd6 19. Nxe7+ Kf7 20. Nd5 Rac8
21. Ba3 Rfd8 22. Bxd6 Rxd6 23. fxg6+ hxg6 24. Bxg6+ Ke6 1-0

[Event "O Pohár mìsta Øíèany 2015 - OPEN A"]
[Site "Øíèany"]
[Date "2015.08.24"]
[Round "4.24"]
[White "Cermak, Jan"]
[Black "Stork, Rostislav"]
[Result "1-0"]
[WhiteElo "1962"]
[BlackElo "1812"]
[PlyCount "0"]
[EventDate "2015.08.22"]

1. d4 d5 2. c4 dxc4 3. e4 e6 4. Bxc4 Nf6 5. Nc3 c5 6. d5 a6 7. a4 Be7 8. Qb3
exd5 9. Nxd5 O-O 10. Nb6 Ra7 11. f3 Nbd7 12. Nxc8 Qxc8 13. Bf4 Nh5 14. Be3 Ne5
15. Be2 Nd7 16. f4 Nhf6 17. e5 Ne8 18. e6 fxe6 19. Qxe6+ Rf7 20. Rd1 Nc7 21. Qh3
Nb6 22. Qxc8+ Nxc8 23. Bc4 b5 24. Bxf7+ Kxf7 25. Nf3 Nb6 26. Ne5+ Ke6 27. Nc6
Ra8 28. Nxe7 Nxa4 29. b3 c4 30. bxa4 Kxe7 31. Bb6 Ne6 32. O-O g6 33. Rfe1 Kf6
34. axb5 axb5 35. Rd6 Re8 36. Ba5 1-0

[Event "O Pohár mìsta Øíèany 2015 - OPEN A"]
[Site "Øíèany"]
[Date "2015.08.24"]
[Round "4.25"]
[White "Skala, Jaromir"]
[Black "Danhel, Lukas"]
[Result "1/2-1/2"]
[WhiteElo "1959"]
[BlackElo "1807"]
[PlyCount "0"]
[EventDate "2015.08.22"]

1. d4 Nf6 2. c4 c5 3. d5 e6 4. Nc3 exd5 5. cxd5 d6 6. g3 g6 7. Bg2 Bg7 8. Nf3
O-O 9. O-O Re8 10. Nd2 Na6 11. e4 Nc7 12. a4 Rb8 13. a5 b5 14. axb6 axb6 15. Nc4
Ba6 16. Rxa6 Nxa6 17. Bf4 Bf8 18. Nb5 Nxe4 19. f3 Qd7 20. fxe4 Qxb5 21. Nxd6 Qd7
22. Nxe8 Rxe8 23. e5 Bg7 24. Re1 Nb4 25. Qb3 Kh8 26. e6 fxe6 27. dxe6 Qd4+
28. Be3 Qe5 29. Bd2 Qd4+ 30. Be3 Qe5 1/2-1/2

[Event "O Pohár mìsta Øíèany 2015 - OPEN A"]
[Site "Øíèany"]
[Date "2015.08.24"]
[Round "4.26"]
[White "Kovar, Jan"]
[Black "Stanek, Ondrej"]
[Result "0-1"]
[WhiteElo "1930"]
[BlackElo "1637"]
[PlyCount "0"]
[EventDate "2015.08.22"]

1. e4 e5 2. Nf3 Nc6 3. Nc3 Nf6 4. Bb5 Bb4 5. O-O O-O 6. d3 Re8 7. Bg5 a6 8. Ba4
b5 9. Bb3 Bxc3 10. bxc3 Na5 11. Re1 Nxb3 12. axb3 Bb7 13. d4 d6 14. dxe5 dxe5
15. Qe2 Qd6 16. Nd2 Nd7 17. Rad1 Qg6 18. Be3 f5 19. f3 fxe4 20. Nxe4 Bxe4
21. Rxd7 Bxc2 22. b4 Qc6 23. Qd2 Bb3 24. Rb1 Be6 25. Rd3 Bf5 0-1

[Event "O Pohár mìsta Øíèany 2015 - OPEN A"]
[Site "Øíèany"]
[Date "2015.08.24"]
[Round "4.27"]
[White "Splichal, Petr"]
[Black "Civin, Dominik"]
[Result "1-0"]
[WhiteElo "2009"]
[BlackElo "1793"]
[PlyCount "0"]
[EventDate "2015.08.22"]

1. d4 e6 2. c4 d5 3. Nc3 Nf6 4. Bg5 Nbd7 5. e3 c6 6. Nf3 Bb4 7. a3 Bxc3+
8. bxc3 Qa5 9. Qc2 Ne4 10. cxd5 Nxc3 11. Qd2 Nb6 12. dxc6 bxc6 13. Bd3 Nba4
14. O-O Qd5 15. Rfc1 Nb5 16. Qb4 f6 17. Qxa4 fxg5 18. e4 Qd8 19. Rxc6 Bd7
20. Bxb5 Bxc6 21. Bxc6+ Kf7 22. Bxa8 1-0